[Event "Zuerich op-B 40th"]
[Site "Zuerich"]
[Date "2016.12.27"]
[Round "2"]
[White "Jaussi, Kevin"]
[Black "Fuerst, Martin"]
[Result "1-0"]
[WhiteElo "1808"]
[BlackElo "1914"]
[PlyCount "69"]
[EventDate "2016.12.26"]
[EventType "swiss"]
[EventRounds "7"]
[EventCountry "SUI"]
[SourceTitle "EXT 2019"]
[Source "ChessBase"]
[SourceDate "2018.10.10"]
[SourceVersion "1"]
[SourceVersionDate "2018.10.10"]
[SourceQuality "1"]

1. d4 d5 2. Bf4 Nf6 3. e3 e6 4. Nf3 Nbd7 5. h3 Be7 6. Bd3 c5 7. c3 c4 8. Bc2 b5 9. Nbd2 Bb7 10. Ne5 Nxe5 11. dxe5 Nd7 12. Qg4 g5 13. Bh2 h5 14. Qg3 Qb6 15. f4 h4 16. Qf2 0-0-0 17. Nf3 gxf4 18. Bxf4 Rdg8 19. Nd4 Nc5 20. Kd2 Ne4+ 21. Bxe4 dxe4 22. b4 a6 23. a4 Kd7 24. axb5 axb5 25. Ra5 Bc6 26. Rha1 Ra8 27. Bh2 Rxa5 28. bxa5 Qa6 29. Qxf7 Bd5 30. Bf4 Rf8 31. Qg7 Rxf4 32. exf4 b4 33. f5 e3+ 34. Ke2 Be4 35. f6 1-0

[Event "Zuerich op-B 36th"]
[Site "Zuerich"]
[Date "2012.12.26"]
[Round "1"]
[White "Jaussi, Kevin"]
[Black "Baer, Samuel"]
[Result "0-1"]
[WhiteElo "1709"]
[BlackElo "1974"]
[PlyCount "96"]
[EventDate "2012.12.26"]
[EventType "swiss"]
[EventRounds "7"]
[EventCountry "SUI"]
[SourceTitle "EXT 2019"]
[Source "ChessBase"]
[SourceDate "2018.10.10"]
[SourceVersion "1"]
[SourceVersionDate "2018.10.10"]
[SourceQuality "1"]

1. e4 c5 2. Nf3 d6 3. c3 Nf6 4. d3 Nc6 5. Be2 g6 6. h3 Bg7 7. 0-0 0-0 8. Nh2 d5 9. Nd2 e5 10. Bg4 Nxg4 11. Nxg4 f5 12. exf5 gxf5 13. Nh2 Kh8 14. Nb3 b6 15. f3 Ba6 16. Rf2 Bf6 17. f4 Bh4 18. Rc2 c4 19. dxc4 dxc4 20. Rd2 Qe7 21. Nf3 Bf6 22. fxe5 Nxe5 23. Nxe5 Qxe5 24. Nd4 Bb7 25. Re2 Qd5 26. Bf4 Rg8 27. Qf1 Rg6 28. Rd1 Rag8 29. Rdd2 Qc5 30. Be3 Be4 31. Ne6 Qc6 32. Nf4 Rg5 33. Bd4 Bxd4+ 34. cxd4 Rg3 35. d5 Qc5+ 36. Rf2 b5 37. Kh2 Qd6 38. Kg1 Qc5 39. Kh2 Qd6 40. Kg1 a5 41. a3 Qc5 42. Kh2 b4 43. Ne6 Qd6 44. Nf4 c3 45. bxc3 bxc3 46. Qa1 Rxg2+ 47. Rxg2 Qxf4+ 48. Kg1 Qxd2 0-1